[Event "GER-ch U25 op-A"]
[Site "Oberhof"]
[Date "2012.06.01"]
[Round "8"]
[White "Bleecke, Sebastian"]
[Black "Myagkov, Kirill"]
[Result "0-1"]
[WhiteElo "1595"]
[BlackElo "1769"]
[PlyCount "51"]
[EventDate "2012.05.27"]
[EventType "swiss"]
[EventRounds "9"]
[EventCountry "GER"]
[SourceTitle "CBM 148 Extra"]
[Source "ChessBase"]
[SourceDate "2012.06.22"]
[SourceVersion "1"]
[SourceVersionDate "2012.06.22"]
[SourceQuality "1"]

1. e4 e5 2. Nf3 Nc6 3. Bb5 Bc5 4. 0-0 d6 5. h3 Nge7 6. c3 a6 7. Ba4 b5 8. Bc2 0-0 9. d4 Bb6 10. a4 Bb7 11. Bg5 h6 12. Bh4 Qe8 13. Re1 f5 14. Bxe7 Nxe7 15. dxe5 dxe5 16. Qe2 fxe4 17. Bxe4 Bxe4 18. Qxe4 Qg6 19. Nbd2 Rad8 20. Re2 Qxe4 21. Nxe4 Ng6 22. Ned2 Nf4 23. Rxe5 Nd3 24. Re2 Nxf2 25. Rxf2 Bxf2+ 26. Kxf2 0-1

[Event "GER-ch U25 op-A"]
[Site "Oberhof"]
[Date "2012.05.27"]
[Round "2"]
[White "Giraud, Valerian"]
[Black "Myagkov, Kirill"]
[Result "1-0"]
[WhiteElo "1914"]
[BlackElo "1769"]
[PlyCount "77"]
[EventDate "2012.05.27"]
[EventType "swiss"]
[EventRounds "9"]
[EventCountry "GER"]
[SourceTitle "CBM 148 Extra"]
[Source "ChessBase"]
[SourceDate "2012.06.22"]
[SourceVersion "1"]
[SourceVersionDate "2012.06.22"]
[SourceQuality "1"]

1. Nf3 Nf6 2. d4 e6 3. c4 b6 4. g3 Bb7 5. Bg2 Be7 6. 0-0 0-0 7. Nc3 Ne4 8. Qc2 Nxc3 9. Qxc3 f5 10. b3 Bf6 11. Bb2 c5 12. Qd2 cxd4 13. Bxd4 Bxd4 14. Nxd4 Bxg2 15. Kxg2 Nc6 16. Rfd1 Qf6 17. Nb5 Rad8 18. Qc3 e5 19. Rd6 Qe7 20. Qd2 f4 21. Rd1 Nd4 22. Rd5 Nxe2 23. Rxd7 Rxd7 24. Qxd7 Qf6 25. Qd6 Qf5 26. Qd7 Qe4+ 27. f3 Qg6 28. Qd3 fxg3 29. Qxe2 gxh2+ 30. Kh1 Qh5 31. Rf1 Qh3 32. Nc3 g5 33. Ne4 g4 34. Qg2 Qxg2+ 35. Kxg2 gxf3+ 36. Kxh2 Rf4 37. Nd2 f2 38. Kg3 h5 39. Nf3 1-0

[Event "GER-ch U25 op-A"]
[Site "Oberhof"]
[Date "2012.05.27"]
[Round "1"]
[White "Myagkov, Kirill"]
[Black "Wurm, Alexander"]
[Result "1-0"]
[WhiteElo "1769"]
[BlackElo "2077"]
[PlyCount "61"]
[EventDate "2012.05.27"]
[EventType "swiss"]
[EventRounds "9"]
[EventCountry "GER"]
[SourceTitle "CBM 148 Extra"]
[Source "ChessBase"]
[SourceDate "2012.06.22"]
[SourceVersion "1"]
[SourceVersionDate "2012.06.22"]
[SourceQuality "1"]

1. e4 d6 2. d4 Nf6 3. Nc3 g6 4. f4 Bg7 5. Nf3 0-0 6. Bc4 c6 7. e5 dxe5 8. fxe5 Nd5 9. 0-0 Na6 10. Qe2 Nac7 11. Ne4 Ne6 12. Nfg5 Nxd4 13. Qf2 Nf5 14. g4 Nh6 15. Qh4 Qb6+ 16. Kh1 Qd4 17. Bd3 Bxg4 18. h3 Ne3 19. Bxe3 Qxe3 20. hxg4 f5 21. exf6 exf6 22. Ne6 Rf7 23. Nxg7 Kxg7 24. Rxf6 Raf8 25. Raf1 Rxf6 26. Rxf6 Re8 27. g5 Nf5 28. Rxf5 gxf5 29. Qh6+ Kh8 30. Qf6+ Kg8 31. Bc4+ 1-0

[Event "Landesliga U20 Nord 1112"]
[Site "Bayern"]
[Date "2011.12.03"]
[Round "2.3"]
[White "Myagkov, Kirill"]
[Black "Lutter, Maximilian"]
[Result "0-1"]
[WhiteElo "1757"]
[BlackElo "1504"]
[PlyCount "46"]
[EventDate "2011.11.12"]
[EventType "team-tourn"]
[EventRounds "7"]
[EventCountry "GER"]
[SourceTitle "EXT 2022"]
[Source "ChessBase"]
[SourceDate "2021.10.06"]
[SourceVersion "1"]
[SourceVersionDate "2021.10.06"]
[SourceQuality "1"]
[WhiteTeam "Nuernberg NT U20"]
[BlackTeam "Neumarkt U20"]
[WhiteTeamCountry "GER"]
[BlackTeamCountry "GER"]

1. e4 e5 2. f4 exf4 3. Nf3 d5 4. exd5 Nf6 5. d4 Nxd5 6. c4 Bb4+ 7. Kf2 Nf6 8. Qe2+ Be7 9. Bxf4 0-0 10. Nc3 Re8 11. Qc2 Bg4 12. Bd3 Bxf3 13. gxf3 Qxd4+ 14. Be3 Ng4+ 15. fxg4 Bh4+ 16. Kg2 Qxg4+ 17. Kf1 Qf3+ 18. Kg1 Qxe3+ 19. Kg2 Qg5+ 20. Kf1 Qf4+ 21. Kg2 Qg4+ 22. Kf1 Qh3+ 23. Kg1 Bg5 0-1

[Event "Nuremberg Zabo op 13th"]
[Site "Nuremberg"]
[Date "2011.09.16"]
[Round "1"]
[White "Held, Werner"]
[Black "Myagkov, Kirill"]
[Result "0-1"]
[WhiteElo "1300"]
[BlackElo "1748"]
[PlyCount "70"]
[EventDate "2011.09.16"]
[EventType "swiss"]
[EventRounds "5"]
[EventCountry "GER"]
[SourceTitle "EXT 2013"]
[Source "ChessBase"]
[SourceDate "2012.11.22"]
[SourceVersion "1"]
[SourceVersionDate "2012.11.22"]
[SourceQuality "1"]

1. e4 e6 2. Nf3 c5 3. d4 cxd4 4. Nxd4 Nc6 5. c4 Bc5 6. Be3 Qb6 7. b3 Nxd4 8. Nc3 Nc6 9. a3 Bxe3 10. fxe3 Qxe3+ 11. Ne2 Nf6 12. Qc1 Qxe4 13. Ra2 Ne5 14. Rd2 Nd3+ 15. Rxd3 Qxd3 16. Nc3 Qd4 17. Be2 0-0 18. Rf1 d5 19. Rf4 Qg1+ 20. Bf1 e5 21. Rh4 Ng4 22. Qd2 d4 23. Ne4 Qe3+ 24. Qxe3 Nxe3 25. Kf2 f5 26. Ng5 h6 27. Nf3 g5 28. Rxh6 Ng4+ 29. Ke2 Nxh6 30. Nxg5 e4 31. Kd2 Bd7 32. c5 d3 33. h4 Ng4 34. Nh3 Bb5 35. g3 e3+ 0-1

[Event "GER-ch U14"]
[Site "Oberhof"]
[Date "2011.06.16"]
[Round "7"]
[White "Zimmermann, Christian"]
[Black "Myagkov, Kirill"]
[Result "1-0"]
[WhiteElo "1848"]
[BlackElo "1833"]
[PlyCount "39"]
[EventDate "2011.06.11"]
[EventType "swiss"]
[EventRounds "9"]
[EventCountry "GER"]
[SourceTitle "CBM 142 Extra"]
[Source "ChessBase"]
[SourceDate "2011.06.27"]
[SourceVersion "1"]
[SourceVersionDate "2011.06.27"]
[SourceQuality "1"]

1. e4 e6 2. d4 d5 3. Nc3 b6 4. e5 c5 5. Be3 Nc6 6. Bb5 Bd7 7. Nge2 a6 8. Bxc6 Bxc6 9. 0-0 Nh6 10. Bxh6 gxh6 11. f4 Qh4 12. Kh1 Rg8 13. Rf3 0-0-0 14. f5 exf5 15. Qd3 c4 16. Qxf5+ Rd7 17. e6 fxe6 18. Qxe6 Rg6 19. Rxf8+ Kb7 20. Qe8 1-0

[Event "GER-ch U14"]
[Site "Oberhof"]
[Date "2011.06.12"]
[Round "2"]
[White "Ott, Florian"]
[Black "Myagkov, Kirill"]
[Result "0-1"]
[WhiteElo "1863"]
[BlackElo "1833"]
[PlyCount "82"]
[EventDate "2011.06.11"]
[EventType "swiss"]
[EventRounds "9"]
[EventCountry "GER"]
[SourceTitle "CBM 142 Extra"]
[Source "ChessBase"]
[SourceDate "2011.06.27"]
[SourceVersion "1"]
[SourceVersionDate "2011.06.27"]
[SourceQuality "1"]

1. d4 e6 2. Nf3 Nf6 3. e3 c5 4. Bd3 d5 5. b3 Nc6 6. 0-0 Bd6 7. Bb2 cxd4 8. exd4 0-0 9. Ne5 Qc7 10. f4 Nb4 11. Rf3 Nxd3 12. Qxd3 Ne4 13. c4 f6 14. c5 Nxc5 15. dxc5 Bxc5+ 16. Kh1 fxe5 17. Bxe5 Bd6 18. Bxd6 Qxd6 19. Nc3 Rxf4 20. Rxf4 Qxf4 21. Rf1 Qg5 22. Nb5 Bd7 23. Nd6 Qe7 24. Nxb7 Rb8 25. Na5 Bb5 26. Qg3 Rc8 27. Re1 Qc7 28. Qe3 e5 29. b4 Qc3 30. Nb3 Qxe3 31. Rxe3 e4 32. Kg1 Bc4 33. a4 Bxb3 34. Rxb3 d4 35. b5 e3 36. Kf1 Rc1+ 37. Ke2 Rc2+ 38. Kf3 Rf2+ 39. Kg3 Ra2 40. Rb4 d3 41. Rd4 e2 0-1

[Event "GER-ch Net qual3 U14"]
[Site "Playchess.com INT"]
[Date "2011.05.08"]
[Round "7"]
[White "Haeusler, Yannick"]
[Black "Myagkov, Kirill"]
[Result "0-1"]
[WhiteElo "1745"]
[BlackElo "1676"]
[PlyCount "26"]
[EventDate "2011.05.08"]
[EventType "swiss (blitz)"]
[EventRounds "7"]
[EventCountry "GER"]
[SourceTitle "CBM 142 Extra"]
[Source "ChessBase"]
[SourceDate "2011.06.27"]
[SourceVersion "1"]
[SourceVersionDate "2011.06.27"]
[SourceQuality "1"]

1. e4 d5 2. exd5 Nf6 3. c4 c6 4. dxc6 Nxc6 5. Nf3 Bf5 6. Be2 e6 7. 0-0 Bc5 8. Nc3 0-0 9. b3 Nb4 10. d3 Bxd3 11. Bxd3 Nxd3 12. Ne1 Nxf2 13. Rxf2 Qxd1 0-1

[Event "Landesliga U20 Nord 1011"]
[Site "Bayern"]
[Date "2011.01.22"]
[Round "5.4"]
[White "Koch, Christian1"]
[Black "Myagkov, Kirill"]
[Result "0-1"]
[WhiteElo "1481"]
[BlackElo "1748"]
[PlyCount "44"]
[EventDate "2010.10.16"]
[EventType "team-tourn"]
[EventRounds "7"]
[EventCountry "GER"]
[SourceTitle "EXT 2022"]
[Source "ChessBase"]
[SourceDate "2021.10.06"]
[SourceVersion "1"]
[SourceVersionDate "2021.10.06"]
[SourceQuality "1"]
[WhiteTeam "Hoechstadt SC U20"]
[BlackTeam "Nuernberg Noris Tarrasch U20"]
[WhiteTeamCountry "GER"]
[BlackTeamCountry "GER"]

1. e4 d5 2. exd5 Nf6 3. c4 c6 4. dxc6 Nxc6 5. Nc3 Bf5 6. Nf3 e5 7. d3 Bc5 8. Bg5 Qb6 9. Qd2 Ng4 10. Nd5 Bb4 11. Nxb6 Bxd2+ 12. Bxd2 axb6 13. h3 Nf6 14. Nh4 Nd4 15. Nxf5 Nc2+ 16. Kd1 Nxa1 17. d4 Ne4 18. Be1 g6 19. f3 gxf5 20. fxe4 fxe4 21. Bc3 exd4 22. Bxd4 0-0-0 0-1

[Event "GER-chT U14"]
[Site "Magdeburg"]
[Date "2010.12.27"]
[Round "1.2"]
[White "Myagkov, Kirill"]
[Black "Lagunow, Elina"]
[Result "1-0"]
[WhiteElo "1699"]
[BlackElo "1753"]
[PlyCount "125"]
[EventDate "2010.12.27"]
[EventType "team-swiss"]
[EventRounds "7"]
[EventCountry "GER"]
[SourceTitle "CBM 140 Extra"]
[Source "ChessBase"]
[SourceDate "2011.03.01"]
[SourceVersion "1"]
[SourceVersionDate "2011.03.01"]
[SourceQuality "1"]
[WhiteTeam "Nuernberg NT"]
[BlackTeam "Berlin Makkabi"]
[WhiteTeamCountry "GER"]
[BlackTeamCountry "GER"]

1. e4 c5 2. Nc3 Nc6 3. g3 g6 4. Bg2 Bg7 5. f4 e6 6. Nf3 Nge7 7. d3 d5 8. e5 0-0 9. 0-0 a6 10. Kh1 Bd7 11. d4 Nf5 12. Ne2 cxd4 13. Nexd4 Nfxd4 14. Nxd4 Qb6 15. c3 f6 16. Bh3 Rfe8 17. Nxc6 bxc6 18. Qe2 c5 19. a4 Rab8 20. Rb1 Bxa4 21. Re1 Bb5 22. Qf2 Bd3 23. Ra1 fxe5 24. fxe5 Rf8 25. Qe3 Be4+ 26. Kg1 Rf3 27. Qg5 h6 28. Qd2 g5 29. Bg2 c4+ 30. Qd4 Rf5 31. Qxb6 Rxb6 32. Bxe4 Rxe5 33. Be3 Rxb2 34. Bg6 Rb3 35. Bd4 Rxe1+ 36. Rxe1 Bxd4+ 37. cxd4 Rb6 38. h4 e5 39. Bf5 e4 40. hxg5 hxg5 41. Re3 Kf7 42. Kf2 Rb2+ 43. Ke1 Rb3 44. Kd2 a5 45. Rxb3 cxb3 46. Kc3 a4 47. Bd7 Kg6 48. g4 Kf6 49. Bxa4 Ke6 50. Bxb3 Kd6 51. Kb4 Kc6 52. Ka5 Kc7 53. Bxd5 e3 54. Bc4 Kd6 55. Kb4 e2 56. Bxe2 Kd5 57. Kc3 Kd6 58. Kc4 Kc6 59. Bf3+ Kd6 60. d5 Ke5 61. Kc5 Kf4 62. Bd1 Ke5 63. d6 1-0

[Event "Landesliga U20 Nord 1011"]
[Site "Bayern"]
[Date "2010.10.16"]
[Round "1.4"]
[White "Myagkov, Kirill"]
[Black "Schaefer, Ann Kathrin"]
[Result "1-0"]
[WhiteElo "1748"]
[BlackElo "1589"]
[PlyCount "71"]
[EventDate "2010.10.16"]
[EventType "team-tourn"]
[EventRounds "7"]
[EventCountry "GER"]
[SourceTitle "EXT 2022"]
[Source "ChessBase"]
[SourceDate "2021.10.06"]
[SourceVersion "1"]
[SourceVersionDate "2021.10.06"]
[SourceQuality "1"]
[WhiteTeam "Nuernberg Noris Tarrasch U20"]
[BlackTeam "Bechhofen U20"]
[WhiteTeamCountry "GER"]
[BlackTeamCountry "GER"]

1. d4 Nf6 2. c4 d6 3. Nc3 g6 4. Bg5 Bg7 5. e4 Nbd7 6. Nf3 0-0 7. Be2 Qe8 8. Qd3 e5 9. Nb5 Qd8 10. dxe5 dxe5 11. Rd1 a6 12. Nc3 Qe8 13. b4 b6 14. h4 Bb7 15. Nd5 Nxd5 16. cxd5 f5 17. Nd2 h6 18. Qb3 hxg5 19. d6+ Rf7 20. Bc4 cxd6 21. Bxf7+ Qxf7 22. Qxf7+ Kxf7 23. Nc4 Bxe4 24. Nxd6+ Ke6 25. Nxe4 fxe4 26. hxg5 Rc8 27. Rh7 Rg8 28. Ke2 Nb8 29. Rc1 Kf5 30. Rc7 Bf8 31. Rhf7+ Kxg5 32. Rc8 Nd7 33. Rxd7 Kf6 34. Rc6+ Kf5 35. Rd8 Rh8 36. Rcc8 1-0

[Event "Nuremberg LGA Cup 7th"]
[Site "Nuremberg"]
[Date "2010.09.05"]
[Round "7"]
[White "Anicic, Dragan"]
[Black "Myagkov, Kirill"]
[Result "0-1"]
[WhiteElo "1482"]
[BlackElo "1681"]
[PlyCount "64"]
[EventDate "2010.09.02"]
[EventType "swiss"]
[EventRounds "7"]
[EventCountry "GER"]
[SourceTitle "CBM 138 Extra"]
[Source "ChessBase"]
[SourceDate "2010.10.29"]
[SourceVersion "1"]
[SourceVersionDate "2010.10.29"]
[SourceQuality "1"]

1. d4 d5 2. c4 e6 3. Nf3 Nf6 4. g3 c6 5. Bg2 dxc4 6. Ne5 Bb4+ 7. Bd2 Bxd2+ 8. Qxd2 Nbd7 9. Nxc4 Nb6 10. Ne5 Nfd7 11. Nxd7 Bxd7 12. Nc3 Nc4 13. Qf4 Qf6 14. Qc7 Bc8 15. Bxc6+ Kf8 16. Bxb7 Bxb7 17. Qxb7 Rd8 18. Qb4+ Nd6 19. 0-0 Kg8 20. Qc5 h5 21. Qe5 Qg6 22. h4 Nf5 23. Kh2 Kh7 24. e3 f6 25. Qc7 Qg4 26. f3 Qg6 27. Qf4 e5 28. dxe5 fxe5 29. Qxe5 Rhf8 30. Rad1 Rde8 31. Qf4 Nxe3 32. Qc7 Qc2+ 0-1

[Event "GER-chT U16"]
[Site "Verden an der Aller"]
[Date "2009.12.28"]
[Round "3.4"]
[White "Myagkov, Kirill"]
[Black "Roebke, Martin"]
[Result "1-0"]
[WhiteElo "1786"]
[BlackElo "1265"]
[PlyCount "31"]
[EventDate "2009.12.27"]
[EventType "team-swiss"]
[EventRounds "7"]
[EventCountry "GER"]
[SourceTitle "EXT 2022"]
[Source "ChessBase"]
[SourceDate "2021.10.06"]
[SourceVersion "1"]
[SourceVersionDate "2021.10.06"]
[SourceQuality "1"]
[WhiteTeam "Nuernberg Noris Tarrasch U16"]
[BlackTeam "Dresden Striesen U16"]
[WhiteTeamCountry "GER"]
[BlackTeamCountry "GER"]

1. e4 e5 2. Nf3 Nc6 3. Bc4 Bc5 4. c3 d6 5. d4 Bb6 6. 0-0 Bd7 7. Be3 h6 8. Nbd2 Nf6 9. Qc2 0-0 10. Nb3 a5 11. a4 Qe8 12. Rfe1 exd4 13. Bxd4 Nxd4 14. Nbxd4 c6 15. Nh4 g6 16. Nxg6 1-0

[Event "GER-ch U12"]
[Site "Willingen"]
[Date "2009.06.05"]
[Round "10"]
[White "Ismail, Nabil"]
[Black "Myagkov, Kirill"]
[Result "0-1"]
[WhiteElo "1400"]
[BlackElo "1551"]
[PlyCount "90"]
[EventDate "2009.05.30"]
[EventType "swiss"]
[EventRounds "11"]
[EventCountry "GER"]
[SourceTitle "EXT 2010"]
[Source "ChessBase"]
[SourceDate "2010.11.25"]
[SourceVersion "1"]
[SourceVersionDate "2010.11.25"]
[SourceQuality "1"]

1. e4 d5 2. exd5 Qxd5 3. Nc3 Qa5 4. d4 c6 5. Bd2 Qc7 6. Nf3 Bg4 7. Be2 Nd7 8. 0-0 Ngf6 9. Ng5 Bxe2 10. Qxe2 h6 11. Nge4 e6 12. Qf3 0-0-0 13. Rad1 Nxe4 14. Nxe4 f5 15. Nc3 g5 16. Qh3 g4 17. Qg3 Bd6 18. Qh4 Nb6 19. Rfe1 Rde8 20. Re2 h5 21. Rde1 Qf7 22. b3 f4 23. Qg5 f3 24. Re4 fxg2 25. Qe3 Qc7 26. Rxe6 Bxh2+ 27. Kxg2 Ref8 28. Qe4 h4 29. Qxg4 Kb8 30. Rg6 h3+ 31. Kf1 Qf7 32. Nd1 Bc7 33. Kg1 h2+ 34. Kh1 Qd5+ 35. Qg2 Qf7 36. Ree6 Nd5 37. Rh6 Rhg8 38. Rhg6 Rxg6 39. Rxg6 Ne7 40. Rg7 Qe6 41. Be3 Nf5 42. Rg6 Qf7 43. c3 Nh4 44. Rg7 Nxg2 45. Rxf7 Rxf7 0-1

[Event "GER-ch U12"]
[Site "Willingen"]
[Date "2009.06.02"]
[Round "5"]
[White "Myagkov, Kirill"]
[Black "Bluhm, Sonja Maria"]
[Result "1/2-1/2"]
[WhiteElo "1551"]
[BlackElo "1714"]
[PlyCount "58"]
[EventDate "2009.05.30"]
[EventType "swiss"]
[EventRounds "11"]
[EventCountry "GER"]
[SourceTitle "EXT 2010"]
[Source "ChessBase"]
[SourceDate "2010.11.25"]
[SourceVersion "1"]
[SourceVersionDate "2010.11.25"]
[SourceQuality "1"]

1. e4 e5 2. Nf3 Nc6 3. Bc4 Bc5 4. c3 Nf6 5. d4 exd4 6. cxd4 Bb4+ 7. Bd2 Bxd2+ 8. Nbxd2 d5 9. exd5 Nxd5 10. 0-0 0-0 11. Ne5 Nce7 12. Re1 c6 13. Ne4 Bf5 14. f3 f6 15. Nd3 Kh8 16. Nec5 Nb6 17. Nxb7 Qxd4+ 18. Nf2 Qxd1 19. Raxd1 Nxc4 20. Rxe7 Rfe8 21. Rxe8+ Rxe8 22. b3 Nb2 23. Rd8 Rxd8 24. Nxd8 c5 25. Nc6 a6 26. Ne4 c4 27. bxc4 Nxc4 28. Nc5 Bb1 29. Nxa6 Bxa2 1/2-1/2

[Event "Mittelfranken-chTB2a 0809"]
[Site "Mittelfranken"]
[Date "2009.01.11"]
[Round "4.8"]
[White "Myagkov, Kirill"]
[Black "Kollitz, Alexander"]
[Result "0-1"]
[WhiteElo "1570"]
[BlackElo "1608"]
[PlyCount "112"]
[EventDate "2008.10.12"]
[EventType "team"]
[EventRounds "9"]
[EventCountry "GER"]
[SourceTitle "EXT 2011"]
[Source "ChessBase"]
[SourceDate "2010.11.26"]
[SourceVersion "1"]
[SourceVersionDate "2010.11.26"]
[SourceQuality "1"]
[WhiteTeam "Nuernberg NT V"]
[BlackTeam "Cadolzburg"]
[WhiteTeamCountry "GER"]
[BlackTeamCountry "GER"]

1. e4 e5 2. Nf3 Nc6 3. Bc4 Bc5 4. d3 Nf6 5. Bg5 d6 6. Nc3 Be6 7. Bb3 h6 8. Bh4 g5 9. Bg3 Qe7 10. Nd5 Bxd5 11. exd5 Nd4 12. Nxd4 exd4+ 13. Qe2 Bb4+ 14. Kf1 Qxe2+ 15. Kxe2 0-0 16. Rhd1 Rae8+ 17. Kf1 Nh5 18. a3 Ba5 19. Ba4 Re7 20. b4 Bb6 21. Re1 Rxe1+ 22. Rxe1 f5 23. f3 Nf6 24. Bb3 Re8 25. Rxe8+ Nxe8 26. a4 a6 27. Bf2 Ng7 28. a5 Ba7 29. c3 f4 30. cxd4 Nf5 31. Ke2 Bxd4 32. Bc4 Bc3 33. Be1 Nd4+ 34. Kd1 Bxe1 35. Kxe1 Nc2+ 36. Ke2 Nxb4 37. Kd2 b6 38. Kc3 bxa5 39. Kb3 Kf8 40. Ka4 Nc2 41. Kxa5 Ne1 42. Kxa6 Ke7 43. d4 Nxg2 44. Be2 Ne3 45. Kb5 Nxd5 46. Kc6 Nc3 47. Bf1 Kd8 48. Bc4 Nd1 49. Be6 Ne3 50. d5 Nf1 51. h3 h5 52. Bf7 Ng3 53. Be6 Ne2 54. Bf7 Nd4+ 55. Kb7 Nxf3 56. Bxh5 Nd2 0-1

[Event "Mittelfranken Mitte-ch 0809"]
[Site "Zirndorf"]
[Date "2009.01.10"]
[Round "5"]
[White "Thuerauf, Peter"]
[Black "Myagkov, Kirill"]
[Result "1-0"]
[WhiteElo "1766"]
[BlackElo "1582"]
[PlyCount "29"]
[EventDate "2009.01.06"]
[EventType "swiss"]
[EventRounds "7"]
[EventCountry "GER"]
[SourceTitle "EXT 2015"]
[Source "ChessBase"]
[SourceDate "2014.11.20"]
[SourceVersion "1"]
[SourceVersionDate "2014.11.20"]
[SourceQuality "1"]

1. d4 Nf6 2. Nf3 d5 3. c4 e6 4. Nc3 Bb4 5. a3 Bxc3+ 6. bxc3 Nbd7 7. Bg5 Nb6 8. c5 Nc4 9. e3 b5 10. Bxc4 bxc4 11. Rb1 0-0 12. 0-0 Bd7 13. Ne5 Be8 14. Ng4 Kh8 15. Qf3 1-0